• Malone D.

di Personal Name

Records bibliografici associati: 1

001 - CONTROL NUMBER

  • control field: 2549

003 - CONTROL NUMBER IDENTIFIER

  • control field: IT-RoPau

005 - DATE AND TIME OF LATEST TRANSACTION

  • control field: 20131120161151.0

008 - FIXED-LENGTH DATA ELEMENTS

  • fixed length control field: 131120|| aca||aabn | a|a d

040 ## - CATALOGING SOURCE

  • Original cataloging agency: IT-RoPau
  • Transcribing agency: IT-RoPau

100 ## - HEADING--PERSONAL NAME

  • Personal name: Malone D.
  • Miscellaneous information: Codice autore musica SPICS: 22966
  • Relator term: Autore musica
  • Name of part/section of a work: Turn On Your Love Light

670 ## - SOURCE DATA FOUND

  • Source citation: Work cat.: (IT-RoPau)99550: AA.VV. 794, Skeletons From the Closet-The Best of Grateful Dead (Lp K 56024)
CREDITS: SOCIETA' SAN PAOLO Via A.Severo, 58 - ROMA (RM) & PERIODICI SAN PAOLO SRL Via Giotto, 36 MILANO & CISF Via Giotto, 36 MILANO & EDIZIONI SAN PAOLO SRL,  Piazza Soncino, 5 CINISELLO BALSAMO (MI) -- ITALY